000
00271nam a22001217a 4500
003
SGT
082
_a
616.024
_b
P07M
100
_a
MUNJAL ,Y P
245
_a
POSTGRADUATE MEDICINE RECET ADVANCES IN MEDICINE
260
_a
INDIA
_b
APJ
_c
2007
300
_a
490
942
_2
ddc
_c
BK
999
_c
14069
_d
14069